Condominium and homeowner associations that work : on paper and in action /

Bibliographic Details
Main Author: Wolfe, David B.
Corporate Authors: Urban Land Institute, Community Associations Institute
Format: Book
Language:English
Published: [Washington] : Urban Land Institute : Community Associations Institute, [1978]
Subjects:

MARC

Tag First Indicator Second Indicator Subfields
LEADER 00000cam a2200000 a 4500
001 in00000644331
005 20151015062555.0
008 800903s1978 dcua b 00010 engm
010 |a  78067831  
035 |a (OCoLC)04484285 
035 |9 ACV9117AM 
040 |a DLC  |c DLC  |d m.c.  |d TXA  |d UtOrBLW 
043 |a n-us--- 
049 |a TXAM  |c [1270510] 
050 0 0 |a HD7287.82.U6  |b W64 
082 0 |a 643/.2  |2 19 
100 1 |a Wolfe, David B. 
245 1 0 |a Condominium and homeowner associations that work :  |b on paper and in action /  |c David B. Wolfe. 
264 1 |a [Washington] :  |b Urban Land Institute : Community Associations Institute,  |c [1978] 
264 4 |c ©1978 
300 |a viii, 136 pages :  |b illustrations ;  |c 28 cm. 
336 |a text  |b txt  |2 rdacontent 
337 |a unmediated  |b n  |2 rdamedia 
338 |a volume  |b nc  |2 rdacarrier 
504 |a Includes bibliographical references. 
650 0 |a Homeowners' associations  |z United States. 
650 0 |a Condominiums  |z United States. 
710 2 |a Urban Land Institute. 
710 2 |a Community Associations Institute. 
999 |a MARS 
999 f f |s 104d34d5-6835-3797-b844-3ac2fd5ccefe  |i 657ba70a-678b-3108-a10e-50e172cb60c4  |t 0 
952 f f |p ric  |a Texas A&M University  |b Rellis Campus  |c Joint Library Facility  |d Remote Storage  |t 0  |e HD7287.82.U6 W64  |h Library of Congress classification  |i unmediated -- volume  |m A14802700475 
998 f f |a HD7287.82.U6 W64  |t 0  |l Remote Storage